Take a hint (victorious) - lyrics - Statistics

General Stats
  • This quiz has been taken 87 times
  • The average score is 306 of 376
Answer Stats
Answer % Correct
T-
98%
a
97%
I
97%
hint
95%
Take
95%
take
95%
then
95%
you
95%
You
95%
me
94%
think
94%
my
92%
No
92%
"no"
92%
the
91%
your
91%
And
89%
and
89%
on
89%
that
89%
at
88%
be
88%
drink
88%
in
88%
not
88%
staring
88%
what
88%
What
88%
buy
86%
can
86%
for
86%
Let
86%
mint
86%
Stop
86%
stop
86%
tell
86%
to
86%
use
86%
But
84%
but
84%
cant
84%
could
84%
don’t
84%
don't
84%
I'm
84%
it
84%
when
84%
boys
83%
see
83%
so
83%
So
83%
Why
83%
always
81%
am
81%
Ask
81%
Get
81%
get
81%
get?
81%
Hey
81%
just
81%
like?
81%
number
81%
we
81%
from
80%
go
80%
hands
80%
hips
80%
lips
80%
never
80%
punch
80%
right
80%
coming
78%
left
78%
polite
78%
should
78%
up
78%
bite
77%
by
77%
had
77%
hello
77%
is
77%
mouth
77%
off
77%
open
77%
put
77%
seems
77%
spot
77%
trying
77%
you're
77%
hit
75%
Oh
75%
wanna
75%
going
73%
hook
73%
yeah
73%
opened
72%
or
72%
I'll
70%
friends
69%
south
69%
One
67%
really
67%
started
67%
you'll
67%
count
64%
eyes
64%
three
64%
Three
64%
told
64%
was
64%
about
63%
gone
63%
interested
63%
It's
63%
sign
63%
Two
63%
gonna
59%
here
59%
I'd
58%
time
58%
asked
56%
dropped
56%
'em
56%
every
56%
if
56%
leaving
56%
name
56%
'fore
55%
missing
55%
priss
55%
You'd
55%
link
53%
yacht
53%
dime
50%
top
50%
let's
42%
still
39%
guess
38%
La
25%
la
25%
No matching quizzes found
Score Distribution
Percent of People with Each Score
Percentile by Number Answered
Your Score History
You have not taken this quiz